| 000 | 00633nam a2200217Ii 4500 | ||
|---|---|---|---|
| 001 | 17168 | ||
| 003 | CO-ViMGA | ||
| 008 | 241108s9999||||xx |||||||||||||| ||und|| | ||
| 020 | _a9588173620 | ||
| 040 |
_aCO-ViMGA _bspa _erda _cCO-ViMGA |
||
| 041 | 0 | _aspa | |
| 082 | 0 | 4 | _aCo861.5 J35s |
| 100 | 1 |
_aDaniel Jiménez Bejarano _945913 |
|
| 245 | 1 | 0 | _aLa senda inexorable |
| 264 | 1 | _aBogotá, Colombia : Fondo Editorial Universidad EAFIT, 2003 | |
| 300 | _avolumen | ||
| 336 |
_atext _btxt _2rdacontent |
||
| 337 |
_aunmediated _bn _2rdamedia |
||
| 338 |
_avolume _bnc _2rdacarrier |
||
| 940 | _aidficha_siabuc: 16833. -- ficha_no_siabuc:17168 | ||
| 999 |
_c40454 _d40454 |
||